000 00382 a2200109 4500
001 ART_10488
005 20260410161848.0
008 260409a
245 1 0 _aHacia el cambio del paradigma económico a través de la experiencia de los países en desarrollo
100 1 _aDiamand, Marcelo
773 0 _tEconómica
_g- Año XXIII, Nº 1/2 (ene./ago. 1977)
_wREV7541
999 _c24779
_d24779